Encyclopedia of educational evaluation / (Record no. 835)

MARC details
000 -LEADER
fixed length control field 01045nam a2200325 i 4500
005 - DATE AND TIME OF LATEST TRANSACTION
control field 20260322212036.0
008 - FIXED-LENGTH DATA ELEMENTS--GENERAL INFORMATION
fixed length control field data
010 ## - LIBRARY OF CONGRESS CONTROL NUMBER
LC control number 74006736 //r87
020 ## - INTERNATIONAL STANDARD BOOK NUMBER
International Standard Book Number 0875892388
020 ## - INTERNATIONAL STANDARD BOOK NUMBER
International Standard Book Number 9780875892382
040 ## - CATALOGING SOURCE
Original cataloging agency DLC
Transcribing agency DLC
Modifying agency NLM
-- YHM
-- OCL
-- NLM
050 0# - LIBRARY OF CONGRESS CALL NUMBER
Classification number LB2823
Item number .A65
060 00 - NATIONAL LIBRARY OF MEDICINE CALL NUMBER
Classification number LB 2823
Item number A549e 1975
090 ## - LOCALLY ASSIGNED LC-TYPE CALL NUMBER (OCLC); LOCAL CALL NUMBER (RLIN)
Classification number (OCLC) (R) ; Classification number, CALL (RLIN) (NR) LB 2806 En19 1975
001 - CONTROL NUMBER
control field data
100 1# - MAIN ENTRY--PERSONAL NAME
Personal name Anderson, Scarvia B.
245 10 - TITLE STATEMENT
Title Encyclopedia of educational evaluation /
Statement of responsibility, etc. Scarvia B. Anderson, Samuel Ball & Richard T. Murphy.
250 ## - EDITION STATEMENT
Edition statement 1st ed.
260 ## - PUBLICATION, DISTRIBUTION, ETC.
Place of publication, distribution, etc. San Francisco :
Name of publisher, distributor, etc. Jossey-Bass Publishers,
Date of publication, distribution, etc. 1975.
300 ## - PHYSICAL DESCRIPTION
Extent xxiii, 515 p. :
Other physical details ill. ;
Dimensions 24 cm.
500 ## - GENERAL NOTE
General note Includes indexes.
504 ## - BIBLIOGRAPHY, ETC. NOTE
Bibliography, etc. note Bibliography: p. 473-498.
520 ## - SUMMARY, ETC.
Summary, etc. Concepts & techniques for evaluating education and training programs.
650 #0 - SUBJECT ADDED ENTRY--TOPICAL TERM
Topical term or geographic name entry element Educational surveys.
650 #0 - SUBJECT ADDED ENTRY--TOPICAL TERM
Topical term or geographic name entry element Educational evaluation.
650 #2 - SUBJECT ADDED ENTRY--TOPICAL TERM
Topical term or geographic name entry element Educational Measurement
Form subdivision Encyclopedias.
650 #2 - SUBJECT ADDED ENTRY--TOPICAL TERM
Topical term or geographic name entry element Evaluation Studies
Form subdivision Encyclopedias.
700 1# - ADDED ENTRY--PERSONAL NAME
Personal name Ball, Samuel.
700 1# - ADDED ENTRY--PERSONAL NAME
Personal name Murphy, Richard T.
Holdings
Withdrawn status Lost status Damaged status Not for loan Home library Current library Shelving location Date acquired Total checkouts Full call number Barcode Date last seen Price effective from Koha item type
        Fairview Fairview General stacks 22/03/2026   LB2823 .A65 BC0010859 22/03/2026 22/03/2026 Books